000 00857nam a22002057a 4500
003 OSt
005 20170608093050.0
008 150408b2005 slv spa
040 _cBMC
082 _a670.42
100 1 _936150
_aCaballero Elizondo, Evelyn Adyanira
245 1 0 _aPasantía en BIMBO de El Salvador S.A. de C.V.
_b: informe final
_cEvelyn Adyanira Caballero Elizondo
260 _aSanta Ana (El Salvador)
_bUniversidad Católica de Occidente
_c2005
300 _a1 v. (pág. var.)
_c28 cm
_e+ 1 disco compacto
500 _aPrecede al tít.: Universidad Católica de Occidente, Facultad de Ingeniería y Arquitectura
502 _aPara optar al título de: Ingeniera Industrial
650 2 4 _919919
_aIngeniería industrial
710 2 _91166
_aUniversidad Católica de El Salvador
_bFacultad de Ingeniería y Arquitectura
942 _2ddc
_cTG
999 _c22377
_d22377